| 000 | 00409nam a2200157Ia 4500 | ||
|---|---|---|---|
| 008 | 230711s9999||||xx |||||||||||||| ||und|| | ||
| 020 | _a81-88429-54-6 | ||
| 041 | _aENG | ||
| 082 |
_a6.3 _bAM-E |
||
| 100 | _aAmirthavalli,M | ||
| 245 | 0 | _aFuzzy logic and neural networks | |
| 250 | _a1st Ed. | ||
| 260 |
_c2009 _aHyderbad _bScitech Publications (India)Pvt.Ltd |
||
| 650 | _aComputer Engineering | ||
| 942 | _cBK | ||
| 999 |
_c5177 _d5177 |
||